Le mois de juin - Statistiques

Statistiques générales
  • Ce quiz a été pris 18 fois
  • Le résultat moyen est 10 sur 16
Statistiques - réponses
Questions Réponses % Correct
Région où débarquèrent les Alliés, le 6 juin 1944, région qui fut également fortement bombardée et la population civile paya un lourd tribut. La Normandie
94%
Fête liturgique qui commémore l'effusion du Saint-Esprit sur un groupe de disciples de Jésus Christ. Selon les années, elle peut être célébrée en mai ou en juin. En 2025, ce sera le 8 juin. La Pentecôte
94%
Fleur dont les pétales sont traditionnellement lancés sur les fidèles pendant le chant de la séquence grégorienne Veni Sancte Spiritus que comporte la messe chantée à la fête citée en réponse #1. La rose
94%
Archiduc d'Autriche assassiné avec son épouse par un nationaliste serbe à Sarajevo, le 28 juin 1914, ce qui précipita l'Europe dans la Première Guerre mondiale. François-Ferdinand
82%
Animal traditionnellement tondu au mois de juin, notamment dans l'Angleterre médiévale, pratique qui culminait au jour de la fête de la tonde. Le mouton
82%
Course automobile, l'une des plus importantes au monde, immortalisée par un film mettant en vedette Steve McQueen. Elle a lieu chaque année autour du 15 juin depuis plus d'un siècle. Les 24 heures du Mans
76%
Événement astronomique qui se produit lorsque la position apparente du soleil atteint sa plus grande inclinaison vers le nord (au 21 juin) ou vers le sud (au 21 décembre) par rapport à l'équateur céleste. Le solstice
76%
Province canadienne dont le précédent est le saint patron et qui s'est donné sa fête du 24 juin comme fête "nationale". La province de Québec
71%
Union divine en trois Personnes ou Hypostases distinctes ayant la même substance divine. Elle est fêtée le huitième dimanche après Pâques. En 2025, ce sera le 15 juin. La Sainte Trinité
59%
Migration périodique du bétail entre pâturages d'hiver et d'été, souvent entre plaine et montagne mais aussi entre zones climatiques différentes de même altitude. En mai et juin, les troupeaux gagnent les pâturages d'été. Ce phénomène est fêté, en juin, dans différents villages de France comme à Saint-Rémy-de-Provence le 9 ou à L'Espérou dans les Cévennes, les 14 et 15 (en 2025). La transhumance
59%
Symbole de l'amour divin et partie du corps de Jésus Christ, auquel sainte Marguerite-Marie Alacoque était particulièrement attachée. Le mois de juin est dédié à ce culte. Le Sacré-Cœur
53%
Prophète et figure majeure du christianisme, cousin éloigné du Seigneur Jésus Christ Qu'il baptisa. Il est fêté le 24 juin. Saint Jean-Baptiste
53%
Ville située sur le plateau de la Beauce et dont la cathédrale gothique est très célèbre. Chaque année, un pèlerinage est organisé dans cette ville au moment de la fête précédente. Ce sera donc le 8 juin en 2025. Chartres
47%
Région de France où le dicton dit : "Pluie de juin n'est que fumée". La Provence
47%
Saint et ermite irlandais du VIe siècle, souvent représenté avec un merle. Il est fêté le 3 juin. Son nom est un prénom qui est parfois utilisé comme surnom pour l'année 1991 au cours de laquelle il fut attribué à près de 15 000 nouveau-nés en France. Saint Kevin de Glendalough
41%
Fête qui célèbre la présence réelle de Jésus-Christ dans le sacrement de l'Eucharistie. Elle est toujours célébrée le jeudi qui suit la précédente. En 2025, ce sera donc le 19 juin. La Fête-Dieu
6%
Aucun quiz correspondant
Distribution des résultats
% des personnes avec chaque résultat
Percentile par nombre de réponses
Votre historique - résultats
Vous n’avez pas pris ce quiz